000
00268nam a2200121 a 4500
008
100917s1973|||| d
245
1
0
_a
Obchádzka
100
1
_a
Dimitrová, B.
260
_b
Smena
_a
Bratislava
_c
1973
044
_a
xo
_c
SK
041
_a
slo
020
_c
15
999
_c
10462
_d
10462